000 00628nam a2200217Ia 4500
003 GCL
008 140319s9999 xx 000 0 eng d
020 _a1857151798
040 _aGCL /
_cGCL
082 0 4 _a321.80973
_bT D
100 1 _aTOCQUERVILLE, ALEXIS DE
245 1 0 _aDEMOCRACY IN AMERICA /
_cTOCQUERVILLE, ALEXIS DE
700 1 _aRYAN, ALAN
260 _aانجلترا :
_bEVERYMAN'S LIBRARY ،
_c1994
300 _a21 CM ؛
_cIXV, 394 P
490 _aTHE MILLENNIUM LIBRARY
_v179
650 0 4 _aDEMOCRACY - U.S.A
650 0 4 _aPOLITICAL SCIENCE
650 0 4 _aPOLITICAL SCIENCE - UNITED STATES
942 _2ddc
_cBK
999 _c5914
_d5914